Industrialización y comercialización de bovinos en las plantas frigoríficas /

Guardado en:
Autor Principal: Lacerca, Alberto Mario
Formato: Libro
Publicado: Argentina : Albatros, 1981
Materias:
Etiquetas: Agregar Etiqueta
Sin Etiquetas, Sea el primero en etiquetar este registro!
LEADER 00851nam a22001935a 4500
001 CEM.cems003684
008 130507s1981##################000#0#####d
005 20210826203415.0
003 CEMS
245 1 0 |a Industrialización y comercialización de bovinos en las plantas frigoríficas / 
260 |a Argentina :  |b Albatros,  |c 1981 
300 |a 108 p. 
505 0 |a Selecci¢n de areas para exploración.-Exploración geológica.-Exploración geofísica y geoquímica.-Ubicación de un pozo de exploración.-Perforación y producción.-Caract. y explotación de yacimientos.-Cálculos de resevas de petróleo.- 
100 1 |a Lacerca, Alberto Mario 
082 0 4 |a 664.9 
653 |a Bovinos-industrialización 
653 |a Carne vacuna-tipificación 
653 |a Industria frigorífica 
859 |a CEMS  |b BIB. CEMS - Agricultura  |h 664.9  |i L116  |p A12240.83  |t Ej.1  |v 1  |3 Vol. 1